000 00507nam a22002177a 4500
003 UA-OsUOA
001 42357
007 ta
008 20061102b un ||||| |||| 00| 0 ukr d
100 _aВітер Д.
090 _a908
_bВ-11
942 _cSA
040 _aUA-OsUOA
_bukr
_cUA-OsUOA
_dUA-OsUOA
245 _aДіаспору вивчають в Острозі
300 _aС.3
955 _a0
041 _aukr
080 _a908
773 0 _w42356
650 7 _a908 Краєзнавство
_2UDC
999 _c328487
_d328487